000 00594nam a22001937a 4500
005 20140613124110.0
010 _aENG-110206
020 _a9788180181368
_c575.00
035 _aEN-93738
037 _bDBAD/PUB
082 _a301.32954
100 _aJain, P.C.
245 _aTribal migration and women empowerment /
_cby P.C. Jain
_b
260 _aJaipur
_bNational Publishing House
_c2014
270 _a337, Chaura Rasta
_bJaipur
_e302003
300 _aix,178p.
_c22cm(Hb)
500 _aIncludes bibliographical references and indexes
942 _2ddc
_cEN
_mJAI
_h301.32954
999 _c85076
_d85076